000 00946cad a22002055a 4500
001 L149376
008 100225s2010 xxkd f v 000 0 eng d
035 _a(Sirsi) u149376
041 0 _aeng
050 0 4 _a333.33 $2 18
110 2 _aNB Real Estate
_95826
245 0 0 _aEuropean real estate guide 2010
_h[electronic resource]
260 _aLondon
_bNB Real Estate
_c2010
520 _aOffers an overview of the differences in commercial leasing practices across 26 countries, including the standard landlord and tenant obligations, typical costs associated with the purchase and leasing of property as well as prime office, industrial and retail rents.
590 _aKA NTK
651 4 _aEurope
690 _aPROPERTY-COMMERCIAL PROPERTY-COMMERCIAL PROPERTY MARKET
856 4 0 _uhttps://www.nbrealestate.co.uk/company/briefings/Documents/2010%2001%2013_EREG%202010.pdf
_zView the item free of charge at www.nbrealestate.co.uk
942 _n0
999 _c110474
_d110474